NBA and NFL Sports Teams by letter - Statistics

General Stats
  • This quiz has been taken 73 times
    69 since last reset
  • The average score is 15 of 19
Answer Stats
Hint Answer % Correct
C 9 Cavaliers/Celtics/Clippers/Cardinals/Cowboys/Commanders/Colts/Chiefs/Chargers
98%
B 8 Bulls/Bucks/Buccaneers/Broncos/Brown/Bears/Bills/Bengals
94%
# 2 49ers/76ers
90%
J 3 Jazz/Jets/Jaguars
84%
L 2 Lakers/Lions
82%
T 5 Thunder/Trail Blazers/Timberwolves/Texans/Titans
82%
P 6 Pacers/Pistons/Pelicans/Patriots/Packers/Panthers
80%
S 5 Spurs/Suns/Steelers/Seahawks/Siants
80%
R 5 Raptors/Rockets/Ravens/Rams/Raiders
78%
V 1 Vikings
76%
W 2 Warriors/Wizards
76%
G 2 Giants/Grizzlies
74%
H 3 Hornets/Heat/Hawks
74%
E 1 Eagles
70%
K 2 Knicks/Kings
70%
N 2 Nets/Nuggets
68%
F 1 Falcons
66%
M 2 Magic/Mavericks
66%
D 1 Dolphins
54%
No matching quizzes found
Score Distribution
Percent of People with Each Score
Percentile by Number Answered
Your Score History
You have not taken this quiz since the last reset